000 00561nam a2200217 i 4500
001 C2-0300100
003 PPAK
005 20180728081651.0
008 091021s1991 io |||| ||||| | may d
020 _a9798001516
040 _aPPAK
_beng
_cPPAK
_erda
082 0 4 _a499.221
_223
090 0 0 _a499.221
_bBIA
_dKIH
245 0 0 _aBianglala bahasa
264 1 _aBandong, Indonesia :
_bITB bandung ,
_c1991
300 _a242 pages ;
_c20 cm
336 _2rdacontent
_atext
337 _2rdamedia
_aunmediated
338 _2rdacarrier
_avolume
942 _ddc
_cB
999 _c104014
_d104014